Flags of the Administrative divisions of Myanmar - Statistics

General Stats
  • This quiz has been taken 57 times
  • The average score is 13 of 21
Answer Stats
Picture Hint Answer % Correct
name included in montana mon
92%
capital of Myanmar naypyidaw
76%
b - - o bago
72%
largest state shan
72%
used to be the capital yangon
72%
Border Bangladesh chin
68%
home of karen people kayin
68%
used to be called arakan rakhine
68%
2nd biggest city in Myanmar mandalay
64%
home of Hkakabo Razi kachin
60%
It is 2nd smallest state in Myanmar kayah
56%
- - - - w e magwe
56%
a genus of pufferfish with ' between the a and o pa'o
56%
southern most state tanintharyi
56%
k o - - - - kokang
52%
border nagaland state, india naga
52%
has the Irrawaddy River ayeyarwady
48%
- - n u danu
44%
p a - - - - - palaung
44%
burmese name on their flag sagaing
44%
city in ghana that is two words wa
36%
No matching quizzes found
Score Distribution
Percent of People with Each Score
Percentile by Number Answered
Your Score History
You have not taken this quiz